Indonesian cities by photo - Statistics

General Stats
  • This quiz has been taken 61 times
  • The average score is 6 of 12
Answer Stats
Picture Answer % Correct
Surabaya
98%
Yogyakarta
84%
Jakarta
77%
Bandung
64%
Palembang
64%
Banda Aceh
48%
Medan
48%
Makassar
45%
Denpasar
41%
Jayapura
23%
Surakarta
7%
Penang
4%
No matching quizzes found
Score Distribution
Percent of People with Each Score
Percentile by Number Answered
Your Score History
You have not taken this quiz